Constantinople in the age of justinian. (Record no. 17037)
[ view plain ]
| 000 -LEADER | |
|---|---|
| fixed length control field | 00689nam a2200253Ia 4500 |
| 001 - CONTROL NUMBER | |
| control field | AUWbook001009 |
| 003 - CONTROL NUMBER IDENTIFIER | |
| control field | BDCtgAUW |
| 005 - DATE AND TIME OF LATEST TRANSACTION | |
| control field | 20260406154946.0 |
| 008 - FIXED-LENGTH DATA ELEMENTS--GENERAL INFORMATION | |
| fixed length control field | 220908s9999 xx 000 0 eng d |
| 020 ## - INTERNATIONAL STANDARD BOOK NUMBER | |
| International Standard Book Number | 0806117087 |
| 040 ## - CATALOGING SOURCE | |
| Original cataloging agency | BDCtgAUW |
| Transcribing agency | BDCtgAUW |
| 050 ## - LIBRARY OF CONGRESS CALL NUMBER | |
| Classification number | DR729.D6 |
| 100 1# - MAIN ENTRY--PERSONAL NAME | |
| Personal name | Downey, Glanville. |
| 9 (RLIN) | 7770 |
| 245 #0 - TITLE STATEMENT | |
| Title | Constantinople in the age of justinian. |
| 250 ## - EDITION STATEMENT | |
| Edition statement | First edition. |
| 260 ## - PUBLICATION, DISTRIBUTION, ETC. | |
| Place of publication, distribution, etc. | Norman,University of Oklahoma Press, 1960 : |
| Name of publisher, distributor, etc. | , |
| 490 1# - SERIES STATEMENT | |
| Series statement | The Centers of civilization series |
| 650 #0 - SUBJECT ADDED ENTRY--TOPICAL TERM | |
| Topical term or geographic name entry element | Istanbul (Turkey) |
| General subdivision | History |
| -- | To 1453. |
| 9 (RLIN) | 79525 |
| 650 #0 - SUBJECT ADDED ENTRY--TOPICAL TERM | |
| Topical term or geographic name entry element | World history. |
| 887 ## - NON-MARC INFORMATION FIELD | |
| Content of non-MARC field | BRAC |
| Source of data | 2982 |
| 888 ## - | |
| -- | 2982 |
| 942 ## - ADDED ENTRY ELEMENTS (KOHA) | |
| Koha item type | Books |
| Source of classification or shelving scheme | Library of Congress Classification |
| 945 ## - LOCAL PROCESSING INFORMATION (OCLC) | |
| c | BK |
No items available.